LEADER 00944nam0-22003491i-450- 001 990001364060403321 011 $a0075-8434 035 $a000136406 035 $aFED01000136406 035 $a(Aleph)000136406FED01 035 $a000136406 100 $a20000920d1998----km-y0itay50------ba 101 0 $aeng 200 1 $aCubic metaplectic forms and theta functions$fNikolai Proskurin 210 $aBerlin$cSpringer-Verlag$d1998 215 $avii, 197 p.$d25 cm 225 1 $aLecture Notes in Mathematics$v1677 610 0 $aAutomorfismi 610 0 $aFunzioni theta 676 $a512.7 700 1$aProskurin,$bNikolai$061764 801 0$aIT$bUNINA$gRICA$2UNIMARC 901 $aBK 912 $a990001364060403321 952 $aC-20-(1677$b15968$fMA1 959 $aMA1 962 $a11F55 962 $a11F60 962 $a11F30 996 $aCubic metaplectic forms and theta functions$978092 997 $aUNINA DB $aING01